| 000 | 00622nam a2200181 i 4500 | ||
|---|---|---|---|
| 001 | 64021 | ||
| 003 | ES-MaACL | ||
| 005 | 20250928121359.0 | ||
| 007 | t| | ||
| 008 | 031219s1902 fr ||||1| fre d | ||
| 100 | 1 |
_aFischer, F. _950991 |
|
| 245 | 1 | 0 |
_aManuel pour l'essai des combustibles et le controle des appareils de chauffage / _cpar F. Fischer ; traduit d'aprés la quatrimeme edition allemande par L. Gautier. |
| 260 |
_aParis : _bCh. Béranger, _c1902. |
||
| 300 |
_aVI, 266 p. ; _c18 cm. |
||
| 700 | 1 |
_aGautier, Léopold-Alexandre, _d1838-19.. _956052 |
|
| 852 |
_aES-MaACL _jG-1962 |
||
| 999 |
_c64021 _d64021 |
||